Diskrete Mathematik und mathematische Fragen der Kybernetik
Salvato in:
| Natura: | Libro |
|---|---|
| Lingua: | tedesco |
| Pubblicazione: |
Berlin
Akademie
1980
|
| Tags: |
Nessun Tag, puoi essere il primo ad aggiungerne!!
|
MARC
| LEADER | 00000nam a2200000 4500 | ||
|---|---|---|---|
| 001 | c141013 | ||
| 005 | 20260326133019.9 | ||
| 041 | 0 | |a ger | |
| 044 | |a DE | ||
| 245 | 1 | 0 | |a Diskrete Mathematik und mathematische Fragen der Kybernetik |
| 264 | 1 | |a Berlin |b Akademie |c 1980 | |
| 300 | |a 287 s. | ||